<?xml version="1.0" encoding="UTF-8"?>
<collection xmlns="http://www.loc.gov/MARC21/slim">
 <record>
  <leader>     na                 </leader>
  <controlfield tag="001">INLIS000000000005402</controlfield>
  <controlfield tag="005">20250815095924</controlfield>
  <datafield tag="035" ind1=" " ind2=" ">
   <subfield code="a">0010-0825000175</subfield>
  </datafield>
  <controlfield tag="008">250815                |          | |  </controlfield>
  <datafield tag="245" ind1="1" ind2=" ">
   <subfield code="a">Analisis Dimensi Experiential Marketing Terhadap Kesetiaan Pelanggan Pada Martabak Kota Raja Di Tenggarong /</subfield>
   <subfield code="c">Lina Ayu Ningsih</subfield>
  </datafield>
  <datafield tag="100" ind1=" " ind2=" ">
   <subfield code="a">Ningsih, Lina Ayu</subfield>
  </datafield>
  <datafield tag="260" ind1=" " ind2=" ">
   <subfield code="a">Tenggarong :</subfield>
   <subfield code="b">FEBIS-Universitas Kutai Kartanegara,</subfield>
   <subfield code="c">2023</subfield>
  </datafield>
  <datafield tag="300" ind1=" " ind2=" ">
   <subfield code="a">86 hlm. ;</subfield>
   <subfield code="c">21x30 cm</subfield>
  </datafield>
  <datafield tag="084" ind1=" " ind2=" ">
   <subfield code="a">658 NIN A C.1</subfield>
  </datafield>
  <datafield tag="520" ind1=" " ind2=" ">
   <subfield code="a">Lina Ayu Ningsih, 2023, &quot;Analisis Dimensi Experiential Marketing Terhadap Kesetiaan Pelanggan Pada Martabak Kota Raja Di Tenggarong&quot; Skripsi Fakultas Ekonomi dan Bisnis Universitas Kutai Kartanegara. bimbingan Bapak Mawardi, SE, MM, dan Bapak H. Fahmi, SE, M.Si. &lt;br/&gt;Tujuan dari penelitian ini adalah untuk mengetahui pengaruh variabel sense (panca indera), feel (perasaan), think (cara berpikir), act (kebiasaan) dan relate (pertalian) terhadap kesetiaan pelanggan Martabak Kota Raja di Tenggarong&lt;br/&gt;Penelitian ini menggunakan data kuantitatif yang didapat dari data kuisioner. Jumlah sampel penelitian sebanyak 90 orang dengan metode pengambilan dengan cara random sampling. Alat analisis menggunakan analisis regresi berganda dan uji hipotesis menggunakan uji F dan uji t. &lt;br/&gt;Variabel sense (panca indera) memiliki pengaruh positif terhadap kesetiaan pelanggan pada Martabak Kota Raja di Tenggarong. Kemampuan variabel ini menjelaskan kesetiaan pelanggan sebesar 36,6%. Berdasarkan uji t (t test) ternyata variabel sense (panca indera) berpengaruh secara parsial terhadap kesetiaan pelanggan (t hitung &gt; t tabel) atau 3,896 &gt; 1,662. Sehingga hipotesis pertama diterima. &lt;br/&gt;Variabel feel (perasaan) memiliki pengaruh positif terhadap kesetiaan pelanggan pada Martabak Kota Raja di Tenggarong. Kemampuan variabel ini menjelaskan kesetiaan pelanggan sebesar 40%. Berdasarkan uji t (t test) ternyata variabel feel (perasaan) berpengaruh secara parsial terhadap kesetiaan pelanggan (t hitung &gt; t tabel) atau 3,525 &gt; 1,662. Sehingga hipotesis kedua diterima. &lt;br/&gt;Variabel think (cara berpikir) memiliki pengaruh positif terhadap kesetiaan pelanggan pada Martabak Kota Raja di Tenggarong. Kemampuan variabel ini menjelaskan kesetiaan pelanggan sebesar 48,3%. Berdasarkan uji t (t test) ternyata variabel think (cara berpikir) berpengaruh secara parsial terhadap kesetiaan pelanggan (t hitung &gt; t tabel) atau 1,977 &gt; 1,662. Sehingga hipotesis ketiga diterima. &lt;br/&gt;Variabel act (kebiasaan) memiliki pengaruh positif terhadap kesetiaan pelanggan pada Martabak Kota Raja di Tenggarong. Kemampuan variabel ini menjelaskan loyalitas nasabah sebesar 49,9%. Berdasarkan uji t (t test) ternyata variabel act (kebiasaan) berpengaruh secara parsial terhadap kesetiaan pelanggan (t hitung &gt; t tabel) atau 3,991 &gt; 1,662. Sehingga hipotesis keempat diterima. &lt;br/&gt;Variabel relate (pertalian) memiliki pengaruh positif terhadap kesetiaan pelanggan pada Martabak Kota Raja di Tenggarong. Kemampuan variabel ini menjelaskan kesetiaan pelanggan sebesar 53,7%. Berdasarkan uji t (t test) ternyata variabel relate (pertalian) berpengaruh secara parsial terhadap kesetiaan pelanggan (t hitung &gt; 1 tabel) atau 3,611 1,662. Sehingga hipotesis kelima diterima&lt;br/&gt;Berdasarkan tabel correlation menunjukkan bahwa variabel relate (pertalian) mempunyai pengaruh yang paling dominan terhadap kesetiaan pelanggan pada Martabak Kota Raja di Tenggarong yakni sebesar 53,7%&lt;br/&gt;</subfield>
  </datafield>
  <datafield tag="082" ind1=" " ind2=" ">
   <subfield code="a">658</subfield>
  </datafield>
  <datafield tag="650" ind1=" " ind2="4">
   <subfield code="a">Manajemen Umum</subfield>
  </datafield>
  <datafield tag="990" ind1=" " ind2=" ">
   <subfield code="a">250813110008667</subfield>
  </datafield>
 </record>
</collection>
